000 01159cam a2200289 i 4500
003 SA-RiAUC
005 20250828062331.0
008 250824s1997 le g 000 0 ara c
040 _aSA-RiKSU
_bara
_cSA-RiAUC
_erda
082 0 4 _a214.19
_qSA-RiAUC
090 _a214.19
_bخ ل ي
100 1 _aخليل، عماد الدين،
_d1939-
_eمؤلف.
245 1 2 _aالإسلام والوجه الآخر للفكر الغربي :
_bقراءات /
_cعماد الدين خليل.
250 _aالطبعة الأولى.
264 1 _aبيروت :
_bمؤسسة الرسالة،
_c1997
300 _a195 صفحة ؛
_c24 سم
336 _aنص
_btxt
_2rdacontent
_3كتاب
337 _aبدون وسيط
_bn
_2rdamedia
338 _aمجلد
_bnc
_2rdacarrier
650 7 _aالإسلام والفلسفة الغربية
_2aucsh
650 7 _aالإسلام والعلمانية
_2aucsh
650 7 _aالإسلام والاستشراق والمستشرقون
_2aucsh
650 7 _aالإسلام والغرب
_2aucsh
650 7 _aالاستشراق والمستشرقون
_2aucsh
942 _2ddc
_cBOOK
_n0
949 _aSA-JeALM
_d250824
_umohamedma123
_n1
999 _c11231
_d11231